000 00610nam a2200229Ia 4500
003 OSt
005 20220924132655.0
006 a|||||r|||| 00| 0
007 ta
008 220923b |||||||| |||| 00| 0 san d
024 _a76700
037 _cTextual
040 _aARTS
_cARTS
_bsan
041 _2san
_asan
082 _aR672xE20x, 15J6
100 _aRamanuja
245 0 _aBhagavad Ramanuja Granthamala ed by Kanchi P B Annangaracharya Swamy
260 _c1956
650 _aNAYA PHILOSOPHY
_95683
942 _hR672xE20x, 15J6
_cTEXL
_2CC
999 _c431115
_d431115